000 00636nam a22002417a 4500
001 00137
003 DO-SdBNP
005 20160404150455.0
007 00137
008 160404b xxu 2000 ||||| |||| 00| 0 spa d
020 _a9780521775243
040 _aBPMSU
_bspa
_cBPMSU
092 _axxxxxxx
_bxxxxxxx
100 1 0 _aGerngross, Günter
245 _aPupil´s book 1 /
_cGünter Gerngross, Herbert Puchta
260 _aEstados Unidos :
_bCambridge,
_c2000.
300 _a95 p. :
_bil.,
_c26 cm.
490 1 _aJoin In
_v1
700 1 0 _aPuchta, Herbert,
_eed.
830 0 _aJoin In
_n1
942 _2ddc
_cBK
956 _aBrenda Tavárez
999 _c9531
_d9531